<?xml version="1.0" encoding="UTF-8"?>
<collection xmlns="http://www.loc.gov/MARC21/slim">
 <record>
  <leader>05266nas a22006851  4500</leader>
  <controlfield tag="001">1/50261</controlfield>
  <controlfield tag="008">020307c19949999cauqr1p           a0eng d</controlfield>
  <datafield tag="022" ind1=" " ind2=" ">
   <subfield code="a">1070-986X</subfield>
  </datafield>
  <datafield tag="035" ind1=" " ind2=" ">
   <subfield code="l">23635</subfield>
  </datafield>
  <datafield tag="040" ind1=" " ind2=" ">
   <subfield code="a">DLC</subfield>
   <subfield code="b">GR-PeUP</subfield>
  </datafield>
  <datafield tag="090" ind1=" " ind2=" ">
   <subfield code="a">Αλφαβητική σειρά</subfield>
  </datafield>
  <datafield tag="245" ind1="0" ind2="0">
   <subfield code="a">IEEE multimedia</subfield>
  </datafield>
  <datafield tag="260" ind1=" " ind2=" ">
   <subfield code="a">Los Alamitos, CA :</subfield>
   <subfield code="b">IEEE Computer Society,</subfield>
   <subfield code="c">1994-</subfield>
  </datafield>
  <datafield tag="300" ind1=" " ind2=" ">
   <subfield code="a">v. :</subfield>
   <subfield code="b">ill. ;</subfield>
   <subfield code="c">28 cm.</subfield>
  </datafield>
  <datafield tag="310" ind1=" " ind2=" ">
   <subfield code="a">Quarterly</subfield>
  </datafield>
  <datafield tag="362" ind1="0" ind2=" ">
   <subfield code="a">Vol.5, no.1(Jan./March 1998)-v.6, no.4(Oct./Dec. 1999)</subfield>
  </datafield>
  <datafield tag="546" ind1=" " ind2=" ">
   <subfield code="a">English</subfield>
  </datafield>
  <datafield tag="535" ind1="0" ind2=" ">
   <subfield code="a">Κλειστό Βιβλιοστάσιο.</subfield>
  </datafield>
  <datafield tag="650" ind1=" " ind2="4">
   <subfield code="a">Multimedia systems</subfield>
   <subfield code="v">Periodicals.</subfield>
  </datafield>
  <datafield tag="650" ind1=" " ind2="4">
   <subfield code="a">Computer networks</subfield>
   <subfield code="v">Periodicals.</subfield>
  </datafield>
  <datafield tag="710" ind1="2" ind2=" ">
   <subfield code="a">IEEE Computer Society.</subfield>
  </datafield>
  <datafield tag="852" ind1=" " ind2=" ">
   <subfield code="a">INST</subfield>
   <subfield code="b">UNIPILB</subfield>
   <subfield code="c">SERIALS</subfield>
   <subfield code="e">20041118</subfield>
   <subfield code="h">Αλφαβητική σειρά</subfield>
   <subfield code="p">37651</subfield>
   <subfield code="q">37651</subfield>
   <subfield code="t">NOLOAN</subfield>
   <subfield code="v">vol.10;no.1:(Μήνες)Jan./Feb./Mar.;(Έτος)2003</subfield>
   <subfield code="y">23</subfield>
  </datafield>
  <datafield tag="852" ind1=" " ind2=" ">
   <subfield code="a">INST</subfield>
   <subfield code="b">UNIPILB</subfield>
   <subfield code="c">SERIALS</subfield>
   <subfield code="e">20041118</subfield>
   <subfield code="h">Αλφαβητική σειρά</subfield>
   <subfield code="p">37652</subfield>
   <subfield code="q">37652</subfield>
   <subfield code="t">NOLOAN</subfield>
   <subfield code="v">vol.10;no.2:(Μήνας)Apr.;(Έτος)2003</subfield>
   <subfield code="y">23</subfield>
  </datafield>
  <datafield tag="852" ind1=" " ind2=" ">
   <subfield code="a">INST</subfield>
   <subfield code="b">UNIPILB</subfield>
   <subfield code="c">SERIALS</subfield>
   <subfield code="e">20041118</subfield>
   <subfield code="h">Αλφαβητική σειρά</subfield>
   <subfield code="p">37653</subfield>
   <subfield code="q">37653</subfield>
   <subfield code="t">NOLOAN</subfield>
   <subfield code="v">vol.10;no.3:(Μήνας)Jul.;(Έτος)2003</subfield>
   <subfield code="y">23</subfield>
  </datafield>
  <datafield tag="852" ind1=" " ind2=" ">
   <subfield code="a">INST</subfield>
   <subfield code="b">UNIPILB</subfield>
   <subfield code="c">SERIALS</subfield>
   <subfield code="e">20041118</subfield>
   <subfield code="h">Αλφαβητική σειρά</subfield>
   <subfield code="p">37654</subfield>
   <subfield code="q">37654</subfield>
   <subfield code="t">NOLOAN</subfield>
   <subfield code="v">vol.10;no.4:(Μήνας)Oct.;(Έτος)2003</subfield>
   <subfield code="y">23</subfield>
  </datafield>
  <datafield tag="852" ind1=" " ind2=" ">
   <subfield code="a">INST</subfield>
   <subfield code="b">UNIPILB</subfield>
   <subfield code="c">SERIALS</subfield>
   <subfield code="e">20050404</subfield>
   <subfield code="h">Αλφαβητική σειρά</subfield>
   <subfield code="p">41970</subfield>
   <subfield code="q">41970</subfield>
   <subfield code="t">NOLOAN</subfield>
   <subfield code="v">vol.11;no.1:(Μήνας)Jan.;(Έτος)2004</subfield>
   <subfield code="y">23</subfield>
  </datafield>
  <datafield tag="852" ind1=" " ind2=" ">
   <subfield code="a">INST</subfield>
   <subfield code="b">UNIPILB</subfield>
   <subfield code="c">SERIALS</subfield>
   <subfield code="e">20051018</subfield>
   <subfield code="h">Αλφαβητική σειρά</subfield>
   <subfield code="p">47699</subfield>
   <subfield code="q">47699</subfield>
   <subfield code="t">NOLOAN</subfield>
   <subfield code="v">vol.11;no.2:(Μήνας)Apr.;(Έτος)2004</subfield>
   <subfield code="y">23</subfield>
  </datafield>
  <datafield tag="852" ind1=" " ind2=" ">
   <subfield code="a">INST</subfield>
   <subfield code="b">UNIPILB</subfield>
   <subfield code="c">SERIALS</subfield>
   <subfield code="e">20051018</subfield>
   <subfield code="h">Αλφαβητική σειρά</subfield>
   <subfield code="p">47700</subfield>
   <subfield code="q">47700</subfield>
   <subfield code="t">NOLOAN</subfield>
   <subfield code="v">vol.11;no.3:(Μήνας)Jul.;(Έτος)2004</subfield>
   <subfield code="y">23</subfield>
  </datafield>
  <datafield tag="852" ind1=" " ind2=" ">
   <subfield code="a">INST</subfield>
   <subfield code="b">UNIPILB</subfield>
   <subfield code="c">SERIALS</subfield>
   <subfield code="e">20051018</subfield>
   <subfield code="h">Αλφαβητική σειρά</subfield>
   <subfield code="p">47701</subfield>
   <subfield code="q">47701</subfield>
   <subfield code="t">NOLOAN</subfield>
   <subfield code="v">vol.11;no.4:(Μήνας)Oct.;(Έτος)2004</subfield>
   <subfield code="y">23</subfield>
  </datafield>
  <datafield tag="852" ind1=" " ind2=" ">
   <subfield code="a">INST</subfield>
   <subfield code="b">UNIPILB</subfield>
   <subfield code="c">SERIALS</subfield>
   <subfield code="e">20060316</subfield>
   <subfield code="h">Αλφαβητική σειρά</subfield>
   <subfield code="p">50856</subfield>
   <subfield code="q">50856</subfield>
   <subfield code="t">NOLOAN</subfield>
   <subfield code="v">vol.12;no.3:(Μήνες)Jul./Aug./Sept.;(Έτος)2005</subfield>
   <subfield code="y">23</subfield>
  </datafield>
  <datafield tag="852" ind1=" " ind2=" ">
   <subfield code="a">INST</subfield>
   <subfield code="b">UNIPILB</subfield>
   <subfield code="c">SERIALS</subfield>
   <subfield code="e">20060316</subfield>
   <subfield code="h">Αλφαβητική σειρά</subfield>
   <subfield code="p">50857</subfield>
   <subfield code="q">50857</subfield>
   <subfield code="t">NOLOAN</subfield>
   <subfield code="v">vol.12;no.4:(Μήνες)Oct./Nov./Dec.;(Έτος)2005</subfield>
   <subfield code="y">23</subfield>
  </datafield>
  <datafield tag="852" ind1=" " ind2=" ">
   <subfield code="a">INST</subfield>
   <subfield code="b">UNIPILB</subfield>
   <subfield code="c">SERIALS</subfield>
   <subfield code="e">20060803</subfield>
   <subfield code="h">Αλφαβητική σειρά</subfield>
   <subfield code="p">52240</subfield>
   <subfield code="q">52240</subfield>
   <subfield code="t">NOLOAN</subfield>
   <subfield code="v">vol.12;no.1:(Μήνες)Jan./Feb./Mar.;(Έτος)2005</subfield>
   <subfield code="y">23</subfield>
  </datafield>
  <datafield tag="852" ind1=" " ind2=" ">
   <subfield code="a">INST</subfield>
   <subfield code="b">UNIPILB</subfield>
   <subfield code="c">SERIALS</subfield>
   <subfield code="e">20060803</subfield>
   <subfield code="h">Αλφαβητική σειρά</subfield>
   <subfield code="p">52241</subfield>
   <subfield code="q">52241</subfield>
   <subfield code="t">NOLOAN</subfield>
   <subfield code="v">vol.12;no.2:(Μήνες)Apr./May/Jun.;(Έτος)2005</subfield>
   <subfield code="y">23</subfield>
  </datafield>
  <datafield tag="852" ind1=" " ind2=" ">
   <subfield code="a">INST</subfield>
   <subfield code="b">UNIPILB</subfield>
   <subfield code="c">SERIALS</subfield>
   <subfield code="e">20070913</subfield>
   <subfield code="h">Αλφαβητική σειρά</subfield>
   <subfield code="p">57007</subfield>
   <subfield code="q">57007</subfield>
   <subfield code="t">NOLOAN</subfield>
   <subfield code="v">vol.13;no.1:(Μήνες)Jan./Feb./Mar.;(Έτος)2006</subfield>
   <subfield code="y">23</subfield>
  </datafield>
  <datafield tag="852" ind1=" " ind2=" ">
   <subfield code="a">INST</subfield>
   <subfield code="b">UNIPILB</subfield>
   <subfield code="c">SERIALS</subfield>
   <subfield code="e">20070913</subfield>
   <subfield code="h">Αλφαβητική σειρά</subfield>
   <subfield code="p">57008</subfield>
   <subfield code="q">57008</subfield>
   <subfield code="t">NOLOAN</subfield>
   <subfield code="v">vol.13;no.2:(Μήνες)Apr./May/Jun.;(Έτος)2006</subfield>
   <subfield code="y">23</subfield>
  </datafield>
  <datafield tag="852" ind1=" " ind2=" ">
   <subfield code="a">INST</subfield>
   <subfield code="b">UNIPILB</subfield>
   <subfield code="c">SERIALS</subfield>
   <subfield code="e">20070913</subfield>
   <subfield code="h">Αλφαβητική σειρά</subfield>
   <subfield code="p">57009</subfield>
   <subfield code="q">57009</subfield>
   <subfield code="t">NOLOAN</subfield>
   <subfield code="v">vol.13;no.3:(Μήνες)Jul./Aug./Sept.;(Έτος)2006</subfield>
   <subfield code="y">23</subfield>
  </datafield>
  <datafield tag="852" ind1=" " ind2=" ">
   <subfield code="a">INST</subfield>
   <subfield code="b">UNIPILB</subfield>
   <subfield code="c">SERIALS</subfield>
   <subfield code="e">20070913</subfield>
   <subfield code="h">Αλφαβητική σειρά</subfield>
   <subfield code="p">57010</subfield>
   <subfield code="q">57010</subfield>
   <subfield code="t">NOLOAN</subfield>
   <subfield code="v">vol.13;no.4:(Μήνες)Oct./Nov./Dec.;(Έτος)2006</subfield>
   <subfield code="y">23</subfield>
  </datafield>
  <datafield tag="852" ind1=" " ind2=" ">
   <subfield code="a">INST</subfield>
   <subfield code="b">UNIPILB</subfield>
   <subfield code="c">SERIALS</subfield>
   <subfield code="e">20080108</subfield>
   <subfield code="h">Αλφαβητική σειρά</subfield>
   <subfield code="p">59339</subfield>
   <subfield code="q">59339</subfield>
   <subfield code="t">NOLOAN</subfield>
   <subfield code="v">vol.14;no.4:(Μήνες)Oct./Nov./Dec.;(Έτος)2007</subfield>
   <subfield code="y">23</subfield>
  </datafield>
  <datafield tag="852" ind1=" " ind2=" ">
   <subfield code="a">INST</subfield>
   <subfield code="b">UNIPILB</subfield>
   <subfield code="c">SERIALS</subfield>
   <subfield code="e">20080317</subfield>
   <subfield code="h">Αλφαβητική σειρά</subfield>
   <subfield code="p">60197</subfield>
   <subfield code="q">60197</subfield>
   <subfield code="t">NOLOAN</subfield>
   <subfield code="v">vol.14;no.1:(Μήνες)Jan./Feb./Mar.;(Έτος)2007</subfield>
   <subfield code="y">23</subfield>
  </datafield>
  <datafield tag="852" ind1=" " ind2=" ">
   <subfield code="a">INST</subfield>
   <subfield code="b">UNIPILB</subfield>
   <subfield code="c">SERIALS</subfield>
   <subfield code="e">20080317</subfield>
   <subfield code="h">Αλφαβητική σειρά</subfield>
   <subfield code="p">60198</subfield>
   <subfield code="q">60198</subfield>
   <subfield code="t">NOLOAN</subfield>
   <subfield code="v">vol.14;no.2:(Μήνες)Apr./May/Jun.;(Έτος)2007</subfield>
   <subfield code="y">23</subfield>
  </datafield>
  <datafield tag="852" ind1=" " ind2=" ">
   <subfield code="a">INST</subfield>
   <subfield code="b">UNIPILB</subfield>
   <subfield code="c">SERIALS</subfield>
   <subfield code="e">20080317</subfield>
   <subfield code="h">Αλφαβητική σειρά</subfield>
   <subfield code="p">60199</subfield>
   <subfield code="q">60199</subfield>
   <subfield code="t">NOLOAN</subfield>
   <subfield code="v">vol.14;no.3:(Μήνες)Jul./Aug./Sept.;(Έτος)2007</subfield>
   <subfield code="y">23</subfield>
  </datafield>
  <datafield tag="856" ind1="4" ind2="1">
   <subfield code="u">http://ieeexplore.ieee.org/xpl/RecentIssue.jsp?punumber=93</subfield>
  </datafield>
  <datafield tag="900" ind1=" " ind2=" ">
   <subfield code="a">Vol. 15 no. 2 (Απρ. 2008)</subfield>
   <subfield code="b">Οφειλόμενο</subfield>
   <subfield code="c">07/09/2009</subfield>
  </datafield>
  <datafield tag="900" ind1=" " ind2=" ">
   <subfield code="a">Vol. 15 no. 1 (Jan./Feb./Mar. 2008)</subfield>
   <subfield code="b">Οφειλόμενο</subfield>
   <subfield code="c">14/07/2009</subfield>
  </datafield>
  <datafield tag="950" ind1=" " ind2=" ">
   <subfield code="a">01/01/2003</subfield>
   <subfield code="c">ANACO Κ. ΑΝΑΓΝΩΣΤΟΥ Ε.Π.Ε., ΜΗΧΑΝΗΜΑΤΑ ΚΑΙ ΣΥΣΤΗΜΑΤΑ ΟΡΓΑΝΩΣΗΣ ΓΡΑΦΕΙΟΥ</subfield>
   <subfield code="d">63</subfield>
  </datafield>
  <datafield tag="951" ind1=" " ind2=" ">
   <subfield code="a">Vol. 14 no. 4  (Oct./Nov./Dec. 2007)</subfield>
   <subfield code="b">Main run</subfield>
  </datafield>
  <datafield tag="951" ind1=" " ind2=" ">
   <subfield code="a">Vol. 5 no. 1 (Jan./Feb./Mar. 1998) -  (Vol. 6 no. 4 (Oct./Nov./Dec. 1999)</subfield>
   <subfield code="b">Main run</subfield>
  </datafield>
  <datafield tag="951" ind1=" " ind2=" ">
   <subfield code="a">Vol. 8 no. 4 (Oct./Dec. 2001)</subfield>
   <subfield code="b">Main run</subfield>
  </datafield>
  <datafield tag="951" ind1=" " ind2=" ">
   <subfield code="a">Vol. 10 no. 1 (Ιαν. 2003) - Vol. 11 no. 4 (Οκτ. 2004)</subfield>
   <subfield code="b">Main run</subfield>
  </datafield>
  <datafield tag="951" ind1=" " ind2=" ">
   <subfield code="a">Vol. 12 no. 1  (Jan./Feb./Mar. 2005)</subfield>
   <subfield code="b">Main run</subfield>
  </datafield>
  <datafield tag="951" ind1=" " ind2=" ">
   <subfield code="a">Vol. 12 no. 2  (Apr./May/Jun. 2005)</subfield>
   <subfield code="b">Main run</subfield>
  </datafield>
  <datafield tag="951" ind1=" " ind2=" ">
   <subfield code="a">Vol. 12 no. 3  (Jul./Aug./Sept. 2005)</subfield>
   <subfield code="b">Main run</subfield>
  </datafield>
  <datafield tag="951" ind1=" " ind2=" ">
   <subfield code="a">Vol. 12 no. 4  (Oct./Nov./Dec. 2005)</subfield>
   <subfield code="b">Main run</subfield>
  </datafield>
  <datafield tag="951" ind1=" " ind2=" ">
   <subfield code="a">Vol. 13 no. 1  (Jan./Feb./Mar. 2006)</subfield>
   <subfield code="b">Main run</subfield>
  </datafield>
  <datafield tag="951" ind1=" " ind2=" ">
   <subfield code="a">Vol. 13 no. 2  (Apr./May/Jun. 2006)</subfield>
   <subfield code="b">Main run</subfield>
  </datafield>
  <datafield tag="951" ind1=" " ind2=" ">
   <subfield code="a">Vol. 13 no. 3  (Jul./Aug./Sept. 2006)</subfield>
   <subfield code="b">Main run</subfield>
  </datafield>
  <datafield tag="951" ind1=" " ind2=" ">
   <subfield code="a">Vol. 13 no. 4  (Oct./Nov./Dec. 2006)</subfield>
   <subfield code="b">Main run</subfield>
  </datafield>
  <datafield tag="951" ind1=" " ind2=" ">
   <subfield code="a">Vol. 14 no. 1  (Jan./Feb./Mar. 2007)</subfield>
   <subfield code="b">Main run</subfield>
  </datafield>
  <datafield tag="951" ind1=" " ind2=" ">
   <subfield code="a">Vol. 14 no. 2  (Apr./May/Jun. 2007)</subfield>
   <subfield code="b">Main run</subfield>
  </datafield>
  <datafield tag="951" ind1=" " ind2=" ">
   <subfield code="a">Vol. 14 no. 3  (Jul./Aug./Sept. 2007)</subfield>
   <subfield code="b">Main run</subfield>
  </datafield>
 </record>
</collection>
